Normal view
MARC view
Entry Topical Term
001 - CONTROL NUMBER
- control field: 12037
003 - CONTROL NUMBER IDENTIFIER
- control field: OSt
005 - DATE AND TIME OF LATEST TRANSACTION
- control field: 20191009065032.0
008 - FIXED-LENGTH DATA ELEMENTS
- fixed length control field: 191009|| aca||aabn | a|a d
040 ## - CATALOGING SOURCE
- Original cataloging agency: OSt
- Transcribing agency: OSt
150 ## - HEADING--TOPICAL TERM
- Topical term or geographic name entry element: Non profit organization
670 ## - SOURCE DATA FOUND
- Source citation: Work cat.: (OSt): Stater, Keely Jones 12036, Is it "just work"?: The impact of work rewards on job satisfaction and turnover intent in the nonprofit, for-profit, and public sectors
